Nezapomínáme fakta a data o památných dnech a událostech boje proti fašismu

Bibliographic Details
Main Author: Hajčík, Gustav, 1923- (Author)
Format: Book
Language:Undetermined
PhysicalDescription:99, 4 s.
Published: Praha Naše vojsko 1956
Edition:1. vyd.

MARC

LEADER 00000nam a2200000 a 4500
001 vtls001480647
003 SK-MaSNL
005 20260302040613.0
008 240318s1956 xx 0 und
035 |a SNK000435945 
040 |a SNK  |b slo  |c SNK  |e AACR2 
100 1 |a Hajčík, Gustav,  |d 1923-  |4 aut  |9 135476 
245 1 0 |a Nezapomínáme  |b fakta a data o památných dnech a událostech boje proti fašismu 
250 |a 1. vyd. 
260 |a Praha  |b Naše vojsko  |c 1956 
300 |a 99, 4 s. 
999 |c 1075381  |d 1077311 
952 |a SNK  |b SNK  |y PREZ  |7 0  |p 17A0440795  |o snkSD 10460  |i snk3134/58  |0 0  |1 0  |4 0  |d 2004-08-26  |l 0  |r 2025-11-24 00:00:00  |w 2026-02-24 
952 |a SNK  |b SNK  |y VYP  |7 0  |p 17A0844126  |o snkSD 10460 D1  |i snkKSP 428/56  |0 0  |1 0  |4 0  |d 2014-08-06  |l 0  |r 2026-02-24 16:08:08  |w 2026-02-24